| Поле | Название | Значение |
| |
Тип записи |
a |
| |
Библиографический уровень |
m |
| 001 |
Контрольный номер |
SKBR/c7be8385-0dbe-4798-8e33-9e4f6d65f3de |
| 005 |
Дата корректировки |
20251219142516.4 |
| 010 |
Индекс ISBN |
__ |
| a |
ISBN |
5-17-041085-9 |
| b |
Уточнения |
в пер. |
| b |
Уточнения |
АСТ |
| d |
Цена |
200-00 |
| 010 |
Индекс ISBN |
__ |
| a |
ISBN |
5-271-15213-8 |
| 9 |
Тираж |
15000 экз. |
| b |
Уточнения |
Астрель |
| 100 |
Данные общей обработки |
__ |
| a |
Данные общей обработки |
20070605d2007 d y0rusy028902 ca |
| 101 |
Язык документа |
0_ |
| a |
Язык текста |
rus |
| 102 |
Страна публикации |
__ |
| a |
Страна публикации |
RU |
| 105 |
Кодированные данные (монография) |
__ |
| a |
Кодированные данные (монография) |
ac e 000yy |
| 181 |
Поле кодированных данных: вид содержания |
_0 |
| a |
Код вида содержания (ISBD) |
i |
| 181 |
Поле кодированных данных: вид содержания |
_0 |
| a |
Код вида содержания (ISBD) |
b |
| 182 |
Поле кодированных данных: тип средства |
_0 |
| a |
Код типа средства (ISBD) |
n |
| 200 |
Заглавие и сведения об ответственности |
1_ |
| a |
Заглавие |
Иллюстрированный толковый словарь русского языка |
| e |
Сведения, относящиеся к заглавию |
современное написание |
| e |
Сведения, относящиеся к заглавию |
избранное |
| f |
Первые сведения об ответственности |
В. И. Даль |
| 203 |
Вид содержания и тип средства |
__ |
| a |
Вид содержания |
Текст |
| a |
Вид содержания |
Изображение |
| c |
Тип средства |
непосредственные |
| 210 |
Выходные данные |
1_ |
| a |
Место издания |
Москва |
| c |
Издательство |
АСТ |
| c |
Издательство |
Астрель |
| d |
Дата издания |
2007 |
| 215 |
Физическое описание |
__ |
| a |
Объем |
160 с. |
| c |
Иллюстрации/тип воспроизводства |
цв. ил., портр. |
| d |
Формат |
27 см |
| 330 |
Аннотация |
__ |
| a |
Аннотация |
Перед читателем - однотомная версия "Толкового словаря живого великорусского языка" В. И. Даля в 4 томах, богато иллюстрированная картинами знаменитых русских художников. Особенность издания в том, что цветные иллюстрации не только выстраивают великолепный визуальный ряд, но и путем отсылок на соответствующую статью помогают связать воедино иллюстративные образы и толкования. В словарь включены самые яркие и интересные статьи, наиболее полно описывающие историю, быт, нравы, обычаи и обряды русского народа. |
| 606 |
Тематические рубрики |
__ |
| a |
Основная рубрика |
Языкознание |
| 2 |
Код системы |
nlr_sh |
| 606 |
Тематические рубрики |
__ |
| a |
Основная рубрика |
Русский язык |
| 2 |
Код системы |
nlr_sh |
| 610 |
Ключевые слова |
0_ |
| a |
Ключевые слова |
толкование слов |
| 610 |
Ключевые слова |
0_ |
| a |
Ключевые слова |
слова |
| 610 |
Ключевые слова |
0_ |
| a |
Ключевые слова |
лексика |
| 610 |
Ключевые слова |
0_ |
| a |
Ключевые слова |
лексика языка |
| 610 |
Ключевые слова |
0_ |
| a |
Ключевые слова |
лексика русского языка |
| 610 |
Ключевые слова |
0_ |
| a |
Ключевые слова |
филология |
| 610 |
Ключевые слова |
0_ |
| a |
Ключевые слова |
толковые словари |
| 610 |
Ключевые слова |
0_ |
| a |
Ключевые слова |
словарный запас |
| 610 |
Ключевые слова |
0_ |
| a |
Ключевые слова |
словари русского языка |
| 686 |
Индексы других классификаций |
__ |
| a |
Классификационный индекс |
81.411.2-4; ст81.411.2 |
| 2 |
Код системы |
rubbks |
| 700 |
Автор |
_1 |
| a |
Фамилия |
Даль |
| b |
Имя |
В. И. |
| f |
Даты |
1801-1872 |
| g |
Полное личное имя |
Владимир Иванович |
| 4 |
Код отношения |
070 |
| 801 |
Источник записи |
_0 |
| a |
Страна |
RU |
| b |
Организация |
NLR |
| c |
Дата составления |
20070605 |
| g |
Правила каталогизации |
RCR |
| 801 |
Источник записи |
_1 |
| a |
Страна |
RU |
| b |
Организация |
NLR |
| c |
Дата составления |
20070605 |
| g |
Правила каталогизации |
PSBO |
| 801 |
Источник записи |
_2 |
| a |
Страна |
RU |
| b |
Организация |
NLR |
| c |
Дата составления |
20171009 |
| 2 |
Код формата |
rusmarc |
| g |
Правила каталогизации |
PSBO |
| 852 |
Данные о местонахождении |
__ |
| i |
Авторский знак |
Д 15 |
| j |
Шифр хранения |
81.411.2-4 |
| 900 |
Макрообъекты |
__ |
| a |
Макрообъекты |
Иллюстрированный толковый словарь русского языка. Даль, В. 2007 |
| 901 |
Тип документа |
__ |
| a |
Ответственный |
ООФиК/Волкова |
| t |
Тип документа |
m |
| 903 |
Характеристики (МАРС) |
__ |
| a |
Дата передачи |
20250318 |
| c |
Наименование библиотеки (МАРС) |
Муниципальное бюджетное учреждение культуры "Централизованная библиотечная система" г. Сургут (Центральная городская библиотека им. А. С. Пушкина) |
| 969 |
Тип издания |
__ |
| a |
Тип издания |
справочное издание |
| a |
Тип издания |
словарь |
| a |
Тип издания |
толковый словарь |
| 990 |
Данные о заказе (DOS) |
__ |
| j |
Количество экземпляров (DOS) |
1 |
| t |
N записи в КСУ для И/У (DOS) |
202503 |